Turbo Pascal: практикум

Bibliografski detalji
Glavni autor: Немнюгин С. А. Сергей Андреевич
Sažetak:В учебнике дается систематическое изложение основ программирования в системе Турбо Паскаль. Рассматриваются вопросы системного программирования, программирование графики и звука. Даются введение в объектно-ориентированное программирование и методы вычислений. Книга содержит большое число исходных текстов программ с подробными комментариями. Учебник адресован прежде всего студентам и школьникам старших классов.
Исключено из фонда НТБ ТПУ
Jezik:ruski
Izdano: СПб., Питер, 2001
Teme:
Format: Knjiga
KOHA link:https://koha.lib.tpu.ru/cgi-bin/koha/opac-detail.pl?biblionumber=25303

MARC

LEADER 00000nam0a2200000 4500
001 25303
005 20260410100533.0
010 |a 5272000684 
035 |a (RuTPU)RU\TPU\book\25539 
035 |a BOOK00000025 
090 |a 25303 
100 |a 20011209d2001 m y0rusy50 ca 
101 0 |a rus 
102 |a RU 
105 |a y j 000zy 
200 1 |a Turbo Pascal  |e практикум  |f С. А. Немнюгин 
210 |a СПб.  |c Питер  |d 2001 
215 |a 253 с. 
330 |a В учебнике дается систематическое изложение основ программирования в системе Турбо Паскаль. Рассматриваются вопросы системного программирования, программирование графики и звука. Даются введение в объектно-ориентированное программирование и методы вычислений. Книга содержит большое число исходных текстов программ с подробными комментариями. Учебник адресован прежде всего студентам и школьникам старших классов. 
333 |a Исключено из фонда НТБ ТПУ 
451 1 |0 (RuTPU)RU\TPU\book\46211  |y 5-272-00068-4  |t Turbo Paskal  |o практикум  |f С. А. Немнюгин  |c СПб.  |n Питер  |d 2002  |p 256 с.  |a Немнюгин, С. А. 
451 1 |0 (RuTPU)RU\TPU\book\23397  |y 5-272-00068-4  |t Turbo Pascal  |o практикум  |f С. А. Немнюгин  |c СПб.  |n Питер  |d 2000  |p 256 с.  |s Практикум  |a Немнюгин, С. А 
610 1 |a программирование 
610 1 |a языки программирования 
610 1 |a Turbo Pascal 
610 1 |a практические пособия 
610 1 |a упражнения 
610 1 |a задания 
610 1 |a контрольные работы 
610 1 |a курсовые работы 
610 1 |a учебные пособия 
675 |a 681.3.06:800.92(076)  |v 3 
700 1 |a Немнюгин  |b С. А.  |g Сергей Андреевич 
801 0 |a RU  |b 63413507  |c 20011209  |g PSBO 
801 2 |a RU  |b 63413507  |c 20160714  |g PSBO 
942 |c BK